000
00275nam a22001337a 4500
008
190305b xxu||||| |||| 00| 0 eng d
020
_a
9781618656414
041
_a
eng
080
_a
371
100
_a
46
101
_a
EDU
245
_a
LSAT 2015
_c
Kaplan
942
_2
udc
_c
BK
999
_c
54585
_d
54585